00282nam a2200109Ia 4500008004100000082001700041100002600058245002400084260003900108300001000147600001500157250610s9999 xx 000 0 und d a891.4391 AIL aAilchoori, Khursheed  0aLamaat E Khursheed  aKarachi:bKarachi Art Press,c1990 a120p. aLiterature